[Event "M.Chigorin Memorial 2017 "]
[Site "?????-?????????"]
[Date "2017.10.29"]
[Round "9"]
[Board "52"]
[White "Oglaza, Oskar"]
[Black "Ovod, Evgenija"]
[Result "1-0"]
[WhiteElo "2182"]
[BlackElo "2379"]
[PlyCount "109"]
[EventDate "2017.10.21"]
[EventRounds "9"]
[EventCountry "RUS"]

1. e4 e6 2. d4 d5 3. Nc3 Bb4 4. Qd3 dxe4 5. Qxe4 Nf6 6. Qh4 Nc6 7. Nf3 Ne7 8.
Bd3 Ned5 9. Bd2 Nxc3 10. bxc3 Be7 11. O-O Nd5 12. Qe4 Bf6 13. Rae1 Ne7 14. Bg5
Bxg5 15. Nxg5 Nd5 16. Qg4 h5 17. Qg3 h4 18. Qg4 Nxc3 19. Nxe6 Bxe6 20. Qxg7 Kd7
21. Rxe6 Qg8 22. Qxg8 Raxg8 23. Re5 c6 24. Rfe1 Nd5 25. Bf5+ Kc7 26. c4 f6 27.
Re6 Nb6 28. Rb1 Rg7 29. Rc1 Nd7 30. d5 Rh5 31. d6+ Kd8 32. Rce1 Rg8 33. Bh3 Ra5
34. Re7 f5 35. g3 hxg3 36. hxg3 Rf8 37. R1e6 Rxa2 38. Bxf5 Rd2 39. Rxd7+ Kxd7
40. Rf6+ Ke8 41. Bg6+ Kd7 42. Rxf8 Rxd6 43. Bf5+ Ke7 44. Rb8 b6 45. Rb7+ Kf6
46. Bh3 Rd1+ 47. Kg2 Rc1 48. Rxa7 Rxc4 49. f4 b5 50. Bd7 b4 51. Ra6 Rc2+ 52.
Kh3 b3 53. Bxc6 Ke7 54. Ba4 Ra2 55. Re6+  1-0

[Event "M.Chigorin Memorial 2017 "]
[Site "?????-?????????"]
[Date "2017.10.29"]
[Round "9"]
[Board "53"]
[White "Bashirli, Nail"]
[Black "Cherednichenko, Dmitrij"]
[Result "1-0"]
[WhiteElo "2363"]
[BlackElo "2209"]
[PlyCount "63"]
[EventDate "2017.10.21"]
[EventRounds "9"]
[EventCountry "RUS"]

1. Nf3 f5 2. d4 Nf6 3. c4 e6 4. Nc3 d5 5. Bf4 c6 6. e3 Be7 7. Bd3 O-O 8. O-O
Ne4 9. Qc2 g5 10. Be5 Nd7 11. h3 Nxe5 12. Nxe5 Bd6 13. f4 gxf4 14. exf4 Bd7 15.
Rad1 Be8 16. Bxe4 fxe4 17. f5 c5 18. fxe6 cxd4 19. Rxf8+ Bxf8 20. Nxd5 d3 21.
Qf2 Bg7 22. Rf1 Bh5 23. Qf5 Be2 24. e7 Qc8 25. Qg5 Qe6 26. Nf6+ Kh8 27. e8=Q+
Rxe8 28. Nxe8 Qxe8 29. Nf7+ Kg8 30. Qd5 Qb8 31. Ng5+ Kh8 32. Qxe4  1-0

[Event "M.Chigorin Memorial 2017 "]
[Site "?????-?????????"]
[Date "2017.10.29"]
[Round "9"]
[Board "54"]
[White "Shubin, Kirill"]
[Black "Khadzhiev, Valery"]
[Result "1/2-1/2"]
[WhiteElo "2359"]
[BlackElo "2208"]
[PlyCount "80"]
[EventDate "2017.10.21"]
[EventRounds "9"]
[EventCountry "RUS"]

1. e4 c6 2. d4 d5 3. exd5 cxd5 4. Bd3 Nf6 5. c3 e6 6. Bf4 Bd6 7. Bxd6 Qxd6 8.
Qc2 O-O 9. Nf3 b6 10. O-O Ba6 11. Bxa6 Nxa6 12. Nbd2 Nb8 13. Rae1 b5 14. Ne5
Nfd7 15. f4 f6 16. Nxd7 Nxd7 17. Rf3 Rfe8 18. Ref1 f5 19. Re3 Nf6 20. g3 Ne4
21. Nf3 Rec8 22. Qe2 Rab8 23. Ne5 b4 24. Qh5 Qe7 25. g4 bxc3 26. bxc3 g6 27.
Qh3 Rb2 28. gxf5 exf5 29. c4 Rd2 30. Rb1 Rxd4 31. cxd5 Rb4 32. Rbe1 Qc5 33. Nd3
Qc2 34. Nxb4 Qf2+ 35. Kh1 Rc3 36. Nc2 Rxc2 37. Rxe4 fxe4 38. Qe6+ Kg7 39. Qe5+
Kh6 40. Qg5+ Kg7  1/2-1/2

[Event "M.Chigorin Memorial 2017 "]
[Site "?????-?????????"]
[Date "2017.10.29"]
[Round "9"]
[Board "55"]
[White "Baltabaev, Temirlan"]
[Black "Davydov, Sergey P."]
[Result "1-0"]
[WhiteElo "2353"]
[BlackElo "2207"]
[PlyCount "129"]
[EventDate "2017.10.21"]
[EventRounds "9"]
[EventCountry "RUS"]

1. d4 Nf6 2. Nf3 g6 3. c4 Bg7 4. Nc3 O-O 5. g3 d6 6. Bg2 Nbd7 7. e4 e5 8. O-O
Re8 9. h3 exd4 10. Nxd4 Nc5 11. Re1 a5 12. Bf4 h6 13. h4 Ng4 14. Qd2 Ne5 15.
Bxe5 dxe5 16. Nb3 Qxd2 17. Nxd2 c6 18. Bf1 Bf8 19. Nb3 a4 20. Nxc5 Bxc5 21. a3
Be6 22. Red1 Kf8 23. Be2 Ke7 24. Rac1 Bd4 25. Kf1 g5 26. hxg5 hxg5 27. Kg2 Red8
28. Rb1 b6 29. Bd3 Ra7 30. Be2 Kd6 31. b4 axb3 32. Rxb3 Kc5 33. Nb1 Rda8 34.
Rc1 f6 35. Rh1 b5 36. Rc1 bxc4 37. Bxc4 Bxc4 38. Rb4 Kd6 39. Rbxc4 c5 40. Nc3
Rb7 41. a4 Ra6 42. Nb5+ Ke6 43. Rh1 Ra8 44. Kf3 Rg7 45. Rh6 g4+ 46. Ke2 Ra5 47.
Rh8 Rb7 48. Re8+ Kd7 49. Rg8 Rbxb5 50. axb5 Rxb5 51. Rc2 Ke6 52. Rxg4 Rb4 53.
Rg8 c4 54. Ra8 c3 55. Ra6+ Kf7 56. Ra1 Kg6 57. f4 Rb2 58. Rxb2 cxb2 59. Rh1 Bc3
60. Kd3 Bd4 61. g4 Bf2 62. Rb1 Bd4 63. Kc4 Kh6 64. Kd5 Bc3 65. g5+  1-0

[Event "M.Chigorin Memorial 2017 "]
[Site "?????-?????????"]
[Date "2017.10.29"]
[Round "9"]
[Board "56"]
[White "Suleymanli, Aydin"]
[Black "Azimov, Ilyas"]
[Result "1/2-1/2"]
[WhiteElo "2353"]
[BlackElo "2195"]
[PlyCount "100"]
[EventDate "2017.10.21"]
[EventRounds "9"]
[EventCountry "RUS"]

1. d4 Nf6 2. c4 e6 3. Nf3 Bb4+ 4. Nbd2 O-O 5. a3 Be7 6. e4 d6 7. Bd3 Nbd7 8. b3
c5 9. Bb2 cxd4 10. Nxd4 Ne5 11. Bc2 a6 12. O-O Qc7 13. Kh1 Ng6 14. Rc1 b6 15.
Qe1 Re8 16. Bb1 Bb7 17. f4 e5 18. fxe5 dxe5 19. Nf5 Bf8 20. Ne3 Bc5 21. Nd5
Bxd5 22. cxd5 Qe7 23. b4 Bd6 24. Rc6 Rec8 25. Rxb6 a5 26. bxa5 Bc5 27. Rb5 Bxa3
28. Bxa3 Qxa3 29. g3 h5 30. Qe2 Qa4 31. Bd3 Rxa5 32. Rb6 Rac5 33. Nb3 Rc3 34.
Ra1 Qd7 35. Rd1 h4 36. Kg2 Qc7 37. Rb5 Ne8 38. Nd2 Nd6 39. Rb2 Qe7 40. Nf3 Ra3
41. Ra2 Rxa2 42. Qxa2 Qd7 43. Qe2 Qg4 44. Kf2 hxg3+ 45. hxg3 Rc5 46. Ng1 Qg5
47. Nf3 Qg4 48. Ng1 Qg5 49. Nf3 Qd8 50. Kg2 Rc7  1/2-1/2

[Event "M.Chigorin Memorial 2017 "]
[Site "?????-?????????"]
[Date "2017.10.29"]
[Round "9"]
[Board "57"]
[White "Volkov, Roman"]
[Black "Fenil, Shah"]
[Result "0-1"]
[WhiteElo "2165"]
[BlackElo "2350"]
[PlyCount "86"]
[EventDate "2017.10.21"]
[EventRounds "9"]
[EventCountry "RUS"]

1. e4 c5 2. Nf3 e6 3. d4 cxd4 4. Nxd4 Nc6 5. Nc3 Qc7 6. g3 a6 7. Bg2 d6 8. O-O
Bd7 9. a4 Nf6 10. Be3 Ne5 11. Kh1 Rc8 12. f4 Nc4 13. Bc1 Be7 14. h3 h6 15. Re1
O-O 16. b3 Na5 17. Bb2 Nc6 18. Nde2 Nb4 19. Nd4 Rfd8 20. Qe2 Nc6 21. Nf3 Nb4
22. Rad1 Bc6 23. Nd4 Be8 24. Rd2 Qa5 25. e5 dxe5 26. fxe5 Nfd5 27. Ne4 b5 28.
axb5 axb5 29. c4 bxc4 30. bxc4 Nb6 31. Ra1 Na4 32. Qg4 Kh8 33. Nc3 Na6 34. Nc6
Bxc6 35. Rxd8+ Qxd8 36. Bxc6 Nxb2 37. Rxa6 Qd2 38. Ne4 Qc1+ 39. Kh2 Qc2+ 40.
Kh1 Nxc4 41. Ra8 Rxa8 42. Bxa8 Qb1+ 43. Kh2 Qa2+  0-1

[Event "M.Chigorin Memorial 2017 "]
[Site "?????-?????????"]
[Date "2017.10.29"]
[Round "9"]
[Board "58"]
[White "Nandhidhaa, Pv"]
[Black "Ponfilenok, Vladimir"]
[Result "0-1"]
[WhiteElo "2190"]
[BlackElo "2350"]
[PlyCount "116"]
[EventDate "2017.10.21"]
[EventRounds "9"]
[EventCountry "RUS"]

1. e4 e6 2. d4 d5 3. Nd2 c5 4. exd5 exd5 5. Ngf3 Nf6 6. Bb5+ Bd7 7. Bxd7+ Nbxd7
8. O-O Be7 9. dxc5 Nxc5 10. Re1 O-O 11. Nf1 Re8 12. Be3 a5 13. a4 Qd7 14. Bd4
Ne6 15. c3 b5 16. Ne3 Nxd4 17. Nxd4 b4 18. Qd3 bxc3 19. bxc3 Bc5 20. Nb5 Re4
21. f3 Re7 22. Kf1 Bxe3 23. Rxe3 Rxe3 24. Qxe3 Qc6 25. Qd4 Rc8 26. Rd1 h5 27.
Kf2 Qe6 28. Re1 Qf5 29. Kg1 Rc4 30. Qd1 Qf4 31. g3 Qb8 32. Kg2 Qb6 33. Re2 Qc5
34. Rd2 Qe3 35. Rd4 Rc6 36. Qd3 Qe5 37. c4 Rxc4 38. Rxc4 dxc4 39. Qxc4 Nd5 40.
Qe4 Ne3+ 41. Kg1 Qc5 42. Qd4 Qc1+ 43. Kf2 Nf5 44. Qd8+ Kh7 45. Qd3 g6 46. Kg2
Ne3+ 47. Kf2 Nf5 48. Kg2 Qb2+ 49. Kh3 Qf2 50. Qc4 Kg8 51. Qc8+ Kg7 52. Qc3+ f6
53. Qc7+ Kh6 54. Qc1+ g5 55. Qh1 g4+ 56. fxg4 hxg4+ 57. Kxg4 Ne3+ 58. Kh3 Qf5+
 0-1

[Event "M.Chigorin Memorial 2017 "]
[Site "?????-?????????"]
[Date "2017.10.29"]
[Round "9"]
[Board "59"]
[White "Vunder, Andrey"]
[Black "Belenkaya, Dina"]
[Result "1/2-1/2"]
[WhiteElo "2161"]
[BlackElo "2346"]
[PlyCount "98"]
[EventDate "2017.10.21"]
[EventRounds "9"]
[EventCountry "RUS"]

1. d4 d5 2. Bf4 Nf6 3. e3 c5 4. Nf3 Nc6 5. Nbd2 cxd4 6. exd4 Qb6 7. Nb3 Bg4 8.
Be2 e6 9. h3 Bh5 10. c3 Be7 11. Ne5 Bxe2 12. Qxe2 O-O 13. O-O Rad8 14. Rfe1 a5
15. Nc1 a4 16. a3 Ne4 17. Ncd3 Na5 18. f3 Nf6 19. Bg5 Rfe8 20. g4 Rc8 21. Kg2
Bd6 22. Rad1 Nc4 23. Bxf6 gxf6 24. Nxc4 Rxc4 25. Qd2 Kg7 26. Re2 Qc7 27. f4 h6
28. Rf1 Ra8 29. Kh1 Kh7 30. Qc2 Kh8 31. Qd2 Kh7 32. Qc2 Kg7 33. Qd2 b6 34. Qe1
Rh8 35. Rf3 Qb7 36. Qf1 Qb8 37. Qe1 h5 38. Qg3 Kf8 39. Qh4 Be7 40. g5 f5 41.
Ne5 Rc7 42. Qe1 Rg8 43. Rg2 Bd6 44. Rfg3 Qe8 45. Qe2 Bxe5 46. Qxe5 Qe7 47. g6
f6 48. Qe2 Qd6 49. Rf2 Rh8 {unreadable}  1/2-1/2

[Event "M.Chigorin Memorial 2017 "]
[Site "?????-?????????"]
[Date "2017.10.29"]
[Round "9"]
[Board "60"]
[White "Bykov, Egor"]
[Black "Semenenko, Sergey"]
[Result "1/2-1/2"]
[WhiteElo "2346"]
[BlackElo "2175"]
[PlyCount "223"]
[EventDate "2017.10.21"]
[EventRounds "9"]
[EventCountry "RUS"]

1. d4 Nf6 2. Nf3 e6 3. Bf4 b6 4. e3 Bb7 5. Bd3 d5 6. Nbd2 Bd6 7. Bg3 O-O 8. c3
c5 9. Ne5 Nc6 10. f4 Ne7 11. Qc2 c4 12. Be2 Nf5 13. Bf2 Be7 14. O-O b5 15. b3
Nd6 16. a4 a6 17. axb5 axb5 18. Rxa8 Bxa8 19. Ra1 Qc7 20. Bh4 Bb7 21. Bf3 Ra8
22. Rxa8+ Bxa8 23. Qa2 Bb7 24. b4 Kf8 25. Bxf6 gxf6 26. Ng4 f5 27. Nf2 Qb6 28.
Bd1 Qa6 29. Qb2 Bc6 30. Nh1 Be8 31. Ng3 f6 32. Bc2 Kg7 33. Kf1 Bg6 34. Ke1 Bd8
35. Kd1 Bc7 36. Kc1 Qa7 37. Kb1 Qa8 38. Qc1 Bb6 39. Kb2 Bc7 40. Qd1 Bb6 41. Nh1
Qa7 42. Qg1 Kf7 43. Bd1 Ne4 44. Nxe4 dxe4 45. h4 Ke7 46. h5 Be8 47. Nf2 Kd6 48.
Qh2 Qg7 49. g4 fxg4 50. Nxe4+ Ke7 51. f5 g3 52. Qxg3 Qxg3 53. Nxg3 Bc7 54. Nh1
exf5 55. Nf2 h6 56. Bf3 Bg3 57. Nh3 Kd6 58. Kc2 Be1 59. Nf4 Bg3 60. Ne2 Bh4 61.
Kd2 Bg5 62. Ng3 Ke6 63. Ke2 Bd7 64. Nf1 Be8 65. Kf2 Bh4+ 66. Ke2 Bg5 67. Nd2
Kd6 68. Kf2 Bh4+ 69. Kf1 Bg5 70. Ke2 Bh4 71. Nf1 Bd7 72. Bb7 Be8 73. Bf3 Bd7
74. Nd2 Bg5 75. Nb1 Be8 76. Na3 Kc7 77. Nc2 Kd6 78. Kf2 Bh4+ 79. Kf1 Bg5 80.
Ke2 Bh4 81. Kd2 Bg5 82. Ne1 Bh4 83. Nc2 Bg3 84. Ke2 Bh4 85. Kd2 Bg3 86. Na3 Bh4
87. Bb7 Kc7 88. Bd5 Kb6 89. Be6 Bxh5 90. Bd7 Bg5 91. Bxb5 f4 92. exf4 Bxf4+ 93.
Kc2 Bg6+ 94. Kd1 Be4 95. Bxc4 h5 96. Bf1 h4 97. Nc4+ Kc7 98. Ke2 Bg3 99. Bh3 f5
100. Nd2 Bc2 101. Nf1 f4 102. Nxg3 fxg3 103. c4 Be4 104. Ke3 Bh1 105. Bg4 Bg2
106. Kf4 Bf1 107. Kf3 Bxc4 108. Kg2 Kd6 109. Bf3 Bd5 110. b5 Bxf3+ 111. Kxf3
Kd5 112. Kg2  1/2-1/2

[Event "M.Chigorin Memorial 2017 "]
[Site "?????-?????????"]
[Date "2017.10.29"]
[Round "9"]
[Board "61"]
[White "Chen, Qi B"]
[Black "Petrova, Irina"]
[Result "1-0"]
[WhiteElo "2345"]
[BlackElo "2174"]
[PlyCount "61"]
[EventDate "2017.10.21"]
[EventRounds "9"]
[EventCountry "RUS"]

1. e4 d6 2. d4 Nf6 3. Nc3 g6 4. f4 Bg7 5. Nf3 O-O 6. Bd3 Na6 7. O-O c5 8. d5
Rb8 9. Kh1 Nc7 10. a4 Bg4 11. h3 Bxf3 12. Qxf3 a6 13. a5 e6 14. f5 Nd7 15. Qg3
Ne5 16. Bg5 f6 17. Bf4 exf5 18. exf5 g5 19. Bxe5 dxe5 20. Bc4 Kh8 21. Ne4 Re8
22. d6 Nb5 23. Bxb5 axb5 24. Qd3 b6 25. Qd5 Qd7 26. axb6 Rxb6 27. Rfd1 Rd8 28.
Ra8 Rbb8 29. Rxb8 Rxb8 30. Nxc5 Qxf5 31. d7  1-0

[Event "M.Chigorin Memorial 2017 "]
[Site "?????-?????????"]
[Date "2017.10.29"]
[Round "9"]
[Board "62"]
[White "Karasev, Vladimir I"]
[Black "Derli, Olga"]
[Result "1-0"]
[WhiteElo "2339"]
[BlackElo "2162"]
[PlyCount "89"]
[EventDate "2017.10.21"]
[EventRounds "9"]
[EventCountry "RUS"]

1. Nf3 Nf6 2. g3 d5 3. Bg2 c6 4. O-O Nbd7 5. d3 g6 6. Nbd2 Bg7 7. e4 O-O 8. e5
Ne8 9. Re1 Nc7 10. h4 Ne6 11. h5 Re8 12. Nf1 Ndf8 13. h6 Bh8 14. d4 f6 15. Ne3
Qc7 16. c4 dxc4 17. Nxc4 Rd8 18. Qb3 Kf7 19. Bf4 g5 20. Be3 Kg6 21. Rac1 Kxh6
22. Red1 Ng7 23. d5 Nf5 24. Nb6 Rb8 25. Nxc8 Nxe3 26. Nxe7 Qxe7 27. d6 Qe6 28.
Qxe3 Ng6 29. Qxa7 fxe5 30. Qe3 Bf6 31. Nd4 Qd7 32. Nb3 Qf7 33. Be4 Ra8 34. a3
Nf8 35. Kg2 Kg7 36. Bf5 Ne6 37. Rh1 Nf8 38. Rcd1 e4 39. Nc5 h6 40. Qxe4 Bxb2
41. Rb1 Qf6 42. Qe2 Bxa3 43. Rxb7+ Kh8 44. Ne4 Qe5 45. Rxh6+  1-0

[Event "M.Chigorin Memorial 2017 "]
[Site "?????-?????????"]
[Date "2017.10.29"]
[Round "9"]
[Board "63"]
[White "Scheglov, Dmitry"]
[Black "Biriukov, Oleg V."]
[Result "0-1"]
[WhiteElo "2155"]
[BlackElo "2336"]
[PlyCount "110"]
[EventDate "2017.10.21"]
[EventRounds "9"]
[EventCountry "RUS"]

1. e4 e6 2. d4 d5 3. Nd2 c5 4. c3 cxd4 5. cxd4 dxe4 6. Nxe4 Nf6 7. Nc3 Be7 8.
Nf3 O-O 9. Bd3 Nc6 10. O-O b6 11. a3 Bb7 12. Re1 Rc8 13. Bb1 Rc7 14. Be3 Nd5
15. Qd3 g6 16. Ne4 Nxe3 17. fxe3 Rd7 18. Ba2 Re8 19. Rf1 Bf8 20. Rad1 Bg7 21.
h4 Ne5 22. Nxe5 Bxe5 23. Ng5 Bf6 24. Ne4 Bxh4 25. Bc4 Qa8 26. Rf4 Bd8 27. Rdf1
Bd5 28. Bb5 Bc6 29. Bc4 f5 30. Qb3 Kf7 31. Ng3 Bd5 32. e4 Bxc4 33. Qxc4 Kg7 34.
d5 e5 35. Qc3 Kg8 36. Nxf5 gxf5 37. Rxf5 Qb8 38. Qf3 Qd6 39. Rc1 Rc7 40. Rxc7
Qxc7 41. Qh5 Rf8 42. Rxf8+ Kxf8 43. Qf5+ Kg7 44. Qg4+ Kh8 45. Qe6 Qe7 46. Qf5
Qf6 47. Qd7 Be7 48. b4 a5 49. Qb5 axb4 50. axb4 Qd6 51. Qe8+ Kg7 52. b5 Qf6 53.
g3 Bc5+ 54. Kg2 Kh6 55. Qd7 Kg5  0-1

[Event "M.Chigorin Memorial 2017 "]
[Site "?????-?????????"]
[Date "2017.10.29"]
[Round "9"]
[Board "64"]
[White "Zakirov, Rafael"]
[Black "Bykov, Oleg"]
[Result "0-1"]
[WhiteElo "2120"]
[BlackElo "2333"]
[PlyCount "86"]
[EventDate "2017.10.21"]
[EventRounds "9"]
[EventCountry "RUS"]

1. d4 Nf6 2. c4 g6 3. Nc3 Bg7 4. e4 d6 5. h3 O-O 6. Nf3 e5 7. d5 a5 8. Be3 Na6
9. Be2 Nd7 10. g4 Ndc5 11. g5 Bd7 12. Qd2 c6 13. O-O-O a4 14. h4 cxd5 15. Qxd5
Bc6 16. Qxd6 Qa5 17. Qd2 a3 18. b3 Nb4 19. Bxc5 Qxc5 20. Qe3 Qa5 21. Kb1 Rfc8
22. h5 Bf8 23. hxg6 fxg6 24. Nd5 Nxd5 25. exd5 Bd7 26. Nxe5 Bf5+ 27. Ka1 Bc5
28. Qc1 Bxf2 29. Ng4 Bxg4 30. Bxg4 Rf8 31. Qc2 Rf4 32. Be6+ Kg7 33. Kb1 Raf8
34. Rdf1 Bh4 35. Rxf4 Rxf4 36. Qd3 Bxg5 37. Rf1 Rxf1+ 38. Qxf1 Qc3 39. Qf7+ Kh6
40. Qf8+ Kh5 41. Qxa3 Qd3+ 42. Kb2 Qd2+ 43. Kb1 Qd1+  0-1

[Event "M.Chigorin Memorial 2017 "]
[Site "?????-?????????"]
[Date "2017.10.29"]
[Round "9"]
[Board "65"]
[White "Xu, Minghui"]
[Black "Golikov, Daniil"]
[Result "1-0"]
[WhiteElo "2318"]
[BlackElo "2138"]
[PlyCount "83"]
[EventDate "2017.10.21"]
[EventRounds "9"]
[EventCountry "RUS"]

1. d4 Nf6 2. Nf3 e6 3. g3 b6 4. Bg2 Bb7 5. c4 Bb4+ 6. Bd2 Qe7 7. O-O Bxd2 8.
Qxd2 O-O 9. Nc3 d6 10. d5 e5 11. b4 Nbd7 12. e4 g6 13. h4 h5 14. a3 a5 15. Rfc1
Rfb8 16. Ne1 Qd8 17. Nd3 axb4 18. axb4 Rxa1 19. Rxa1 Ra8 20. Qb2 Rxa1+ 21. Qxa1
Qa8 22. Qxa8+ Bxa8 23. Nb5 Ne8 24. Bh3 Ndf6 25. f3 Bb7 26. Na7 Kf8 27. c5 bxc5
28. bxc5 Ba6 29. Nb4 Be2 30. Kf2 Bc4 31. c6 Ke7 32. Bf1 Bxf1 33. Kxf1 Ng8 34.
Ke2 f5 35. Nd3 Nef6 36. Nf2 fxe4 37. fxe4 Ng4 38. Nh3 N8f6 39. Ng5 Kd8 40. Ne6+
Ke7 41. Nxc7 Nxe4 42. Ncb5  1-0

[Event "M.Chigorin Memorial 2017 "]
[Site "?????-?????????"]
[Date "2017.10.29"]
[Round "9"]
[Board "66"]
[White "Mochalin, Faddey"]
[Black "Borisovsky, Dmitry"]
[Result "0-1"]
[WhiteElo "2096"]
[BlackElo "2304"]
[PlyCount "138"]
[EventDate "2017.10.21"]
[EventRounds "9"]
[EventCountry "RUS"]

1. d4 d5 2. c4 c6 3. Nc3 e6 4. e3 Bd6 5. Nf3 Nd7 6. Qc2 Ngf6 7. Bd3 O-O 8. O-O
dxc4 9. Bxc4 e5 10. h3 Qe7 11. Rd1 e4 12. Ng5 Nb6 13. Bb3 Bf5 14. f3 Rae8 15.
fxe4 Bg6 16. Qf2 Nxe4 17. Ncxe4 Bxe4 18. Nxe4 Qxe4 19. Rf1 Nd5 20. Bc2 Bg3 21.
Qe2 Qh4 22. Bd2 g6 23. Rf3 f5 24. Raf1 Bd6 25. Qd3 Rf7 26. a3 Bb8 27. b4 a6 28.
Qc4 Rfe7 29. Bb3 Kg7 30. a4 Qf6 31. Qd3 Qd6 32. g3 Nxb4 33. Bxb4 Qxb4 34. Bc2
Qd6 35. Qc3 Ba7 36. Rd1 Qd5 37. Kf2 Bb6 38. Bb3 Qa5 39. Qc4 Bc7 40. h4 h5 41.
Bc2 Rd8 42. Bb3 Bd6 43. Bc2 Qb4 44. Qd3 Qa3 45. Qd2 Qb4 46. Qd3 Bb8 47. Kg2 Qd6
48. Qb3 Qd5 49. Qc3 Kh7 50. Bb3 Qd6 51. Bc2 Rde8 52. Rdf1 Qd5 53. Bb3 Qe4 54.
Bc2 Qd5 55. Bb3 Qd6 56. Bc2 Ba7 57. Rd1 Rc7 58. Rdf1 c5 59. Rxf5 gxf5 60. Rxf5
cxd4 61. Qd3 Rxc2+ 62. Rf2+ Qg6 63. Qb3 Rxf2+ 64. Kxf2 dxe3+ 65. Ke2 Qg4+ 66.
Kd3 Rd8+ 67. Kc3 Qd4+ 68. Kc2 Rc8+ 69. Kb1 Qe4+  0-1

[Event "M.Chigorin Memorial 2017 "]
[Site "?????-?????????"]
[Date "2017.10.29"]
[Round "9"]
[Board "67"]
[White "Zhai, Mo"]
[Black "Eryshkanova, Anastasiya"]
[Result "1-0"]
[WhiteElo "2300"]
[BlackElo "2127"]
[PlyCount "83"]
[EventDate "2017.10.21"]
[EventRounds "9"]
[EventCountry "RUS"]

1. Nf3 e6 2. g3 b5 3. e3 a6 4. Bg2 Bb7 5. a4 b4 6. d4 Nf6 7. O-O Be7 8. c4 d6
9. d5 exd5 10. Nh4 c6 11. cxd5 cxd5 12. Nf5 O-O 13. b3 Re8 14. Bb2 Bf8 15. Qd4
Nc6 16. Qf4 Ne5 17. Qxb4 Bc8 18. Nd4 a5 19. Qd2 Ne4 20. Qe2 Ba6 21. Nb5 Bb7 22.
N1c3 Re6 23. Rad1 Nxc3 24. Bxc3 Rh6 25. e4 Bc8 26. Bxe5 dxe5 27. exd5 Qg5 28.
h4 Qf5 29. Rfe1 Bd7 30. d6 Rb8 31. Rd5 Bxb5 32. Rxb5 Rxb5 33. Qxb5 Rxd6 34.
Qxa5 Qc2 35. Bd5 Rf6 36. Rf1 g6 37. Bc4 Qb2 38. Qd5 Bb4 39. a5 Be1 40. a6 Bxf2+
41. Kh1 Bxg3 42. Qd8+  1-0

[Event "M.Chigorin Memorial 2017 "]
[Site "?????-?????????"]
[Date "2017.10.29"]
[Round "9"]
[Board "68"]
[White "Bhambure, Shantanu"]
[Black "Konaplev, Anton"]
[Result "1-0"]
[WhiteElo "2088"]
[BlackElo "2298"]
[PlyCount "177"]
[EventDate "2017.10.21"]
[EventRounds "9"]
[EventCountry "RUS"]

1. d4 Nf6 2. c4 e6 3. Nf3 c5 4. d5 exd5 5. cxd5 d6 6. Nc3 g6 7. h3 Bg7 8. e4 a6
9. a4 O-O 10. Bd3 Nbd7 11. O-O Qc7 12. Re1 Re8 13. Bf4 Rb8 14. a5 b5 15. axb6
Rxb6 16. Qc2 Nh5 17. Bh2 Ne5 18. Be2 Nxf3+ 19. Bxf3 Nf6 20. Rab1 Nd7 21. Be2
Bd4 22. Na2 Qb8 23. b3 a5 24. Bf4 Nf6 25. Bd3 Ba6 26. Bxa6 Rxa6 27. Nc3 Rb6 28.
Na4 Rb5 29. Qd3 Rb7 30. Kf1 Rbe7 31. f3 Rb7 32. Be3 Bxe3 33. Rxe3 Rb4 34. Nb2
Nd7 35. Ra1 Ne5 36. Qc2 Qb5+ 37. Kg1 g5 38. Rc3 Ra8 39. Nc4 Nxc4 40. bxc4 Qe8
41. Rca3 a4 42. Qc3 Qe7 43. Re1 f6 44. Rea1 Kf7 45. Kh1 h5 46. Qc2 Qe5 47. Rxa4
Qxa1+ 48. Rxa1 Rxa1+ 49. Kh2 Kg7 50. e5 dxe5 51. Qf5 Ra7 52. h4 gxh4 53. Qe4
Rd7 54. Qxh4 Kg6 55. Qe4+ Kg7 56. f4 exf4 57. Qxf4 Ra7 58. Qg3+ Kf7 59. Qd3 Kg7
60. Qe4 Rab7 61. Kg3 R4b6 62. Kf4 Ra6 63. Kf5 Ra1 64. d6 Rf1+ 65. Ke6 Rb6 66.
Qe3 Rb7 67. Kd5 Rf5+ 68. Kc6 Rb8 69. d7 Re5 70. Qg3+ Kf7 71. Kc7 Ra8 72. d8=Q
Rxd8 73. Kxd8 Ke6 74. Kc7 Kf7 75. Kd6 Rg5 76. Qf3 Kg7 77. Qb7+ Kg6 78. Qe4+ Kg7
79. Qe7+ Kg6 80. Qe8+ Kg7 81. Qe2 Kf7 82. Qf2 Kg7 83. Qxc5 Rxc5 84. Kxc5 f5 85.
Kd6 f4 86. Ke5 f3 87. gxf3 h4 88. Kf4 Kf6 89. Kg4  1-0

[Event "M.Chigorin Memorial 2017 "]
[Site "?????-?????????"]
[Date "2017.10.29"]
[Round "9"]
[Board "69"]
[White "Divya, Deshmukh"]
[Black "Ivlev, Aleksey"]
[Result "1/2-1/2"]
[WhiteElo "2051"]
[BlackElo "2296"]
[PlyCount "160"]
[EventDate "2017.10.21"]
[EventRounds "9"]
[EventCountry "RUS"]

1. d4 d5 2. c4 c6 3. Nc3 Nf6 4. Nf3 e6 5. g3 Nbd7 6. Bg2 dxc4 7. a4 Bb4 8. O-O
O-O 9. Qc2 Qe7 10. Nd2 e5 11. e3 c5 12. d5 Re8 13. e4 Rd8 14. Nxc4 Nb6 15. Ne3
Ng4 16. Qe2 Nxe3 17. Bxe3 Bd7 18. a5 Nc8 19. Rfc1 Qe8 20. Na2 Bxa5 21. Bxc5 Bb6
22. b4 Nd6 23. Qe3 Nb5 24. Nc3 Nd6 25. Bf1 Nc8 26. d6 Be6 27. Bxb6 Nxb6 28. Nb5
Qf8 29. Rxa7 Rxa7 30. Nxa7 Nd7 31. Nb5 Nf6 32. Rc7 Bd7 33. Rxb7 Bc6 34. Rc7
Bxb5 35. Bxb5 Qxd6 36. Rc5 h6 37. Bc4 Rb8 38. b5 Ng4 39. Qc3 Nxf2 40. Bxf7+
Kxf7 41. Kxf2 Rf8 42. Kg2 Kg8 43. Rc8 Rxc8 44. Qxc8+ Kh7 45. Qf5+ Kg8 46. Qc8+
Kh7 47. Qc4 Qd2+ 48. Kh3 Qf2 49. Qc6 Qf1+ 50. Kg4 g6 51. Qc7+ Kg8 52. Qxe5 Qe2+
53. Kh3 Qf1+ 54. Kh4 Qf3 55. Qe8+ Kh7 56. Qd7+ Kg8 57. Qc8+ Kh7 58. Qc7+ Kg8
59. Qc4+ Kh7 60. Kh3 Qf6 61. Kg2 Qb2+ 62. Kf3 h5 63. Qc7+ Kh6 64. b6 g5 65. b7
Qd2 66. Qb6+ Kh7 67. Qe3 g4+ 68. Kf4 Qd6+ 69. e5 Qh6+ 70. Ke4 Qc6+ 71. Kf5 Qg6+
72. Kf4 Qh6+ 73. Ke4 Qc6+ 74. Kd4 Qb6+ 75. Kd3 Qb5+ 76. Kc3 Qc6+ 77. Kd2 Qxb7
78. e6 Qb2+ 79. Kd3 Qb3+ 80. Kd4 Qb6+  1/2-1/2

[Event "M.Chigorin Memorial 2017 "]
[Site "?????-?????????"]
[Date "2017.10.29"]
[Round "9"]
[Board "70"]
[White "Poznyak, Nazar"]
[Black "Yeritsyan, Aram"]
[Result "1/2-1/2"]
[WhiteElo "2014"]
[BlackElo "2293"]
[PlyCount "147"]
[EventDate "2017.10.21"]
[EventRounds "9"]
[EventCountry "RUS"]

1. d4 Nf6 2. c4 e6 3. Nf3 Bb4+ 4. Bd2 Qe7 5. g3 Bxd2+ 6. Nbxd2 d6 7. Bg2 O-O 8.
O-O e5 9. e3 e4 10. Ng5 Bf5 11. Qb3 c5 12. f3 exf3 13. Bxf3 Bc8 14. Rae1 Nc6
15. Qd3 h6 16. Bxc6 bxc6 17. Nge4 Nd7 18. Nf3 Re8 19. Nfd2 Ba6 20. Qa3 Bc8 21.
b4 cxb4 22. Qxb4 c5 23. Qa4 f5 24. Qc6 Bb7 25. Qxb7 fxe4 26. Qd5+ Qe6 27. Rf4
Qxd5 28. cxd5 Nf6 29. dxc5 dxc5 30. Rc1 Rac8 31. Rc4 Re5 32. d6 Rc6 33. Nxe4
Rxe4 34. Rfxe4 Nxe4 35. Rxe4 Rxd6 36. Ra4 a6 37. Kg2 Kf7 38. Kf3 Ke6 39. Ke4
Rb6 40. Kd3 Kd5 41. e4+ Ke5 42. Rc4 Rd6+ 43. Ke3 Rc6 44. Kd3 g5 45. Ke3 Kd6 46.
h4 Rb6 47. Ra4 Rc6 48. Rc4 Ke5 49. hxg5 hxg5 50. Kd3 Kd6 51. Ke3 Rb6 52. Ra4
Kc6 53. Ra5 Kd6 54. Ra4 Rb4 55. Ra5 Rc4 56. Kd3 Rd4+ 57. Ke3 Rb4 58. Kd3 Rb6
59. Kc4 Rb4+ 60. Kd3 Rb6 61. Kc4 Rc6 62. e5+ Kxe5 63. Rxc5+ Rxc5+ 64. Kxc5 g4
65. a4 Ke4 66. a5 Kf3 67. Kb6 Kxg3 68. Kxa6 Kf4 69. Kb7 g3 70. a6 g2 71. a7
g1=Q 72. a8=Q Qh1+ 73. Ka7 Qxa8+ 74. Kxa8  1/2-1/2

[Event "M.Chigorin Memorial 2017 "]
[Site "?????-?????????"]
[Date "2017.10.29"]
[Round "9"]
[Board "71"]
[White "Vasilyev, Vasily"]
[Black "Aseev, Vladimir"]
[Result "1-0"]
[WhiteElo "2291"]
[BlackElo "2082"]
[PlyCount "117"]
[EventDate "2017.10.21"]
[EventRounds "9"]
[EventCountry "RUS"]

1. d4 d5 2. Nf3 Nf6 3. g3 g6 4. Bg2 Bg7 5. O-O O-O 6. b3 c6 7. c4 Bg4 8. Nc3
Ne4 9. Bb2 Nxc3 10. Bxc3 Bxf3 11. Bxf3 e6 12. Rc1 Qe7 13. e3 Nd7 14. Qe2 Rac8
15. Rfd1 f5 16. a4 Nf6 17. Qe1 Rfe8 18. Bb4 Qd7 19. Bc5 Ra8 20. Rc2 Ne4 21. Ba3
h5 22. Qe2 Qf7 23. Bg2 Bf8 24. Bxf8 Qxf8 25. f3 Nf6 26. e4 Rac8 27. e5 Nd7 28.
Rdc1 dxc4 29. bxc4 h4 30. f4 hxg3 31. hxg3 Qa3 32. Rc3 Qxa4 33. Qb2 Qa5 34. Ra1
Qd8 35. Rxa7 Nxe5 36. Qxb7 Qxd4+ 37. Re3 Qxe3+ 38. Kh2 Qxa7 39. Qxa7 Ng4+ 40.
Kh3 Nh6 41. c5 Nf7 42. Qd7 Rcd8 43. Qxc6 Kg7 44. Bf1 Rc8 45. Qb6 Rb8 46. Qa5 g5
47. Qc3+ Kg6 48. c6 Ra8 49. Kg2 gxf4 50. gxf4 Nd6 51. Qe5 Ne4 52. Bc4 Kf7 53.
Qxf5+ Nf6 54. Qe5 Rg8+ 55. Kf1 Rae8 56. f5 Rg5 57. Bxe6+ Kg7 58. Qc7+ Kh6 59.
Qf7  1-0